| 000 | 01279nam a2200229Ia 4500 | ||
|---|---|---|---|
| 999 |
_c43699 _d43699 |
||
| 001 | 10439 | ||
| 003 | GE_BSU | ||
| 005 | 20240613105229.0 | ||
| 008 | 181216s2014||||ge |||||||||||||| ||geo|| | ||
| 020 | _a9789994021055 | ||
| 040 | _cGE_BSU | ||
| 041 | _ageo | ||
| 080 | _a821.133.1-1 დ–40 | ||
| 245 |
_aპოლ ვერლენი და სხვა ფრანგი სიმბოლისტები = Paul Verlaine at les autres symbolistes Francais / _cფრანგ. თარგმნა ბადრი თევზაძემ ; [რედ. ლალი კონცელიძე]. |
||
| 264 |
_aბათუმი : _bგამ–ბა აჭარა, _c2014. |
||
| 300 |
_a248 გვ. : _bფოტ. ; _c20 სმ. |
||
| 500 | _aპარალ. თავფურ. ფრანგ. | ||
| 500 | _aწიგნი გამოდის აჭარის ა/რ განათლების, კულტურისა და სპორტის სამინისტროს მხარდაჭერით | ||
| 653 | _aპოლ ვერლენი და სხვა ფრანგი სიმბოლისტები | ||
| 700 |
_aვერლენი, პ. (პოლ) _e ავტორი _922412 |
||
| 942 |
_cBK _2udc |
||